000 01026nam a22002777a 4500
001 2277
003 FISKH
005 20250808145247.0
008 231114b cb ||||| |||| 00| 0 eng d
020 _a9781407135533
040 _aFISKH
_beng
_cFISKH
_dFISKH
050 _aPZ7
082 _a823.92
100 _aWebb, Holly
245 _aDogmagic /
_cHolly Webb
250 _aThis edition published by Scholastic Ltd, 2013
260 _aLondon :
_bScholastic,
_c2008
300 _a185 pages :
_c20 cm
490 _aAnimal Magic
505 _aR
520 _a"What has four legs, a French accent, and fantastic magical powers? A dachshund named Sophie! She and her human, Lottie, live in a very special pet shop - one where magic springs from every corner and the animals have a lot to say. When Lottie starts a new school, the magic needs to be kept under wraps.
521 8 _a730
_bLexile estimate
521 8 _aR
_bRaz-Plus
650 _2Magic
_aDog
_vJuvenile Literature
942 _2ddc
_cBK
_n0
999 _c2277
_d2277